000
00316nam a2200109Ia 4500
008
210107s9999 xx 000 0 und d
100
_a
MCA
245
0
_a
Merchant Shipping Notices, Marine guidance notes and Marine information notes cosolidated to jan,1999
260
_a
London
_b
HMSO
490
_v
Vol.I
942
_c
BK
999
_c
10472
_d
10472